Κατάλογος Βιβλιοθηκών Mediterranean College

Understanding Social Science Statistics / A Spreadsheet Approach (Record no. 320)

MARC details
000 -LEADER
fixed length control field 01306cam a22001934a 4500
005 - ΗΜΕΡΟΜΗΝΙΑ ΚΑΙ ΩΡΑ ΤΕΛΕΥΤΑΙΑΣ ΕΝΗΜΕΡΩΣΗΣ
Πεδίο ελέγχου 20250605163931.0
008 - FIXED-LENGTH DATA ELEMENTS--GENERAL INFORMATION
Πεδίο ελέγχου σταθερού μήκους 250528s ||||||||||||||||||||||||d
035 ## - SYSTEM CONTROL NUMBER
System control number 14699
020 ## - ISBN
ISBN 805811176
040 ## - ΠΗΓΗ ΚΑΤΑΛΟΓΟΓΡΑΦΗΣΗΣ
Φορέας πρωτότυπης καταλογογράφησης MC Athens Campus Library
Γλώσσα καταλογογράφησης Ελληνικά, Μοντέρνα (1453-)
Modifying agency MC Athens Campus Library
Κανόνες περιγραφικής καταλογογράφησης AACR2
245 1# - ΤΙΤΛΟΣ ΚΑΙ ΔΗΛΩΣΗ ΥΠΕΥΘΥΝΟΤΗΤΑΣ
Τίτλος Understanding Social Science Statistics / A Spreadsheet Approach
260 ## - PUBLICATION, DISTRIBUTION, ETC.
Name of publisher, distributor, etc. Lawrence Erlbaum Associates, Publishers,
Date of publication, distribution, etc. 1992
300 ## - PHYSICAL DESCRIPTION
Extent 456
520 ## - SUMMARY, ETC.
Summary, etc. Preface, Preliminaries: How to Use This Book, Getting Started: An Introduction to Hypothesis Testing, Inferring From a Sample: The Binomial Distribution, Measuring Variables: Some Basic Vocabulary, Describing a Sample: Descriptive Statistics, Inferring From a Sample: The Normal and t Distributions, Accounting the Variance: A Single Predictor, Bivariate Relations: The Regression and Correlation Coefficients, Inferring From a Sample: The F Distribution, Accounting for Variance: Two or More Predictors, Single-Factor Between Subjects Studies, Planned Comparisons and Post Hoc Tests and Adjusted Means, Studies with More Than One Between Subjects Factor, Single-Factor Within Subjects Studies, Two-Factor Studies With Repeated Measures, Power and Pitfalls and Practical Matters, References.
700 1# - ΠΡΟΣΘΕΤΗ ΑΝΑΓΡΑΦΗ--ΦΥΣΙΚΟ ΠΡΟΣΩΠΟ
Personal name Bakeman Roger
9 (RLIN) 447
942 ## - ADDED ENTRY ELEMENTS (KOHA)
Koha item type Books
Holdings
Τύπος τεκμηρίου Βιβλιοθήκη Τρέχουσα τοποθεσία Barcode Αριθμός εισαγωγής Ημερομηνία απόκτησης Ταξιθετικό σύμβολο Αριθμός αντιτύπου Κατάσταση απόσυρσης Κατάσταση χαμένου Κατάσταση κατεστραμμένου Μη δανεισμός Σύνολο δανεισμών Ημερομηνία τελευταίας εμφάνισης Η τιμή ισχύει από
Books MC Athens Campus Library MC Athens Campus Library 9780000003195 3833 05/06/2025 300/.1/5195 BAK 1           05/06/2025 05/06/2025

MC Athens Campus Library
Πατησίων 94 & Κοδριγκτώνος 13, 104 34
Πελλήνης 8 & Πατησίων 107, 112 51
Τ: +30 210 8899600

MC Thessaloniki Campus Library
Ίωνος Δραγούμη 21, 54625 | Ίωνος Δραγούμη 15, 54625
Τ: +30 2310 287779 – Τ: +30 2314 440300